Biblical Genealogies: A Form-Critical Analysis, with a Special Focus on Women /
This book is the first comprehensive study completely dedicated to all biblical genealogies. It provides a form-critical analysis of these genealogies and defines basic patterns and deviations. Helpful charts guide you towards the distinctive characteristics of these patterns. The last chapter of th...
المؤلف الرئيسي:
التنسيق: كتاب الكتروني
اللغة: English
منشور في:
Leiden; Boston :
BRILL,
2022.
سلاسل:
Oudtestamentische Studiën, Old Testament Studies ;
80.
الموضوعات:
الوصول للمادة أونلاين: Login to view Source
الوسوم: إضافة وسم
رقم الطلب: BS569
| LEADER | 02166nam a22004331i 4500 | ||
|---|---|---|---|
| 001 | BRILL9789004472556 | ||
| 003 | nllekb | ||
| 005 | 20220208174530.0 | ||
| 006 | m d | ||
| 007 | cr un uuuua | ||
| 008 | 201027s2022 ne sb 001 0 eng d | ||
| 020 | |a 9789004472556 |q (electronic book) | ||
| 020 | |a 9789004472532 |q (print) | ||
| 024 | 7 | |a 10.1163/9789004472556 |2 DOI | |
| 035 | |z (OCoLC)1267585180 | ||
| 040 | |a NL-LeKB |c NL-LeKB |e rda | ||
| 050 | 4 | |a BS569 | |
| 072 | 7 | |a HRC |2 bicssc | |
| 072 | 7 | |a REL |x 070000 |2 bisacsh | |
| 082 | 0 | 4 | |a 220.89291 |2 23 |
| 100 | 1 | |a Klip, Hedda, |e author. | |
| 245 | 1 | 0 | |a Biblical Genealogies: A Form-Critical Analysis, with a Special Focus on Women / |c Hedda Klip. |
| 264 | 1 | |a Leiden; |a Boston : |b BRILL, |c 2022. | |
| 300 | |a 1 online resource. | ||
| 336 | |a text |b txt |2 rdacontent | ||
| 337 | |a computer |b c |2 rdamedia | ||
| 338 | |a online resource |2 rdacarrier | ||
| 490 | 1 | |a Oudtestamentische Studiën, Old Testament Studies ; |v 80 | |
| 504 | |a Includes bibliographical references and index. | ||
| 520 | |a This book is the first comprehensive study completely dedicated to all biblical genealogies. It provides a form-critical analysis of these genealogies and defines basic patterns and deviations. Helpful charts guide you towards the distinctive characteristics of these patterns. The last chapter of the book summarises all genealogical information on women in their different roles as daughters, sisters, and wives. The book includes a short comparison to the presence of women in the genealogies in the Liber Antiquitatum Biblicarum. | ||
| 588 | |a Description based on print version record. | ||
| 600 | 1 | 0 | |a Johnson, Marshall D. |
| 650 | 0 | |a Genealogy in the Bible. | |
| 776 | 0 | 8 | |i Print version: |t Biblical Genealogies: A Form-Critical Analysis, with a Special Focus on Women. |d Leiden ; Boston : BRILL, 2022 |z 9789004472532 |
| 830 | 0 | |a Oudtestamentische Studiën, Old Testament Studies ; |v 80. | |
| 856 | 4 | |z DOI: |u http://dx.doi.org/10.1163/9789004472556 | |
| 942 | |2 lcc |c EBOOK | ||
| 952 | |0 0 |1 0 |2 lcc |4 0 |7 1 |9 32957 |a BRILL |b BRILL |d 2022-02-08 |l 0 |r 2022-02-08 00:00:00 |w 2022-02-08 |y EBOOK | ||
| 999 | |c 41387 |d 41387 | ||
